A comunicacao segundo a Cnbb (Record n. 95650)

Dettagli MARC
000 -LEADER
fixed length control field 01491nam a2200289Ia 4500
001 - CONTROL NUMBER
control field A2559
003 - CONTROL NUMBER IDENTIFIER
control field IT-RoPAU
008 - FIXED-LENGTH DATA ELEMENTS--GENERAL INFORMATION
fixed length control field 130308s9999 xx 000 0 und d
040 ## - CATALOGING SOURCE
Original cataloging agency IT-RoPAU
040 ## - CATALOGING SOURCE
Transcribing agency IT-RoPAU
041 ## - LANGUAGE CODE
Language code of text/sound track or separate title PORTOGHESE
100 ## - MAIN ENTRY--PERSONAL NAME
Personal name Conte Hildo
100 ## - MAIN ENTRY--PERSONAL NAME
Miscellaneous information Codice Aut. SPICS: 35037
245 #2 - TITLE STATEMENT
Title A comunicacao segundo a Cnbb
245 ## - TITLE STATEMENT
Remainder of title A comunicacao Segundo a Cnbb
250 ## - EDITION STATEMENT
Edition statement 1a ed.
260 ## - PUBLICATION, DISTRIBUTION, ETC. (IMPRINT)
Place of publication, distribution, etc. ROMA
260 ## - PUBLICATION, DISTRIBUTION, ETC. (IMPRINT)
Name of publisher, distributor, etc. SPICS
260 ## - PUBLICATION, DISTRIBUTION, ETC. (IMPRINT)
Date of publication, distribution, etc. 1991 [1° Ed.:1991 - Ed.Ling.Originale:1991]
300 ## - PHYSICAL DESCRIPTION
Extent "79 p. (prefazione: no ; testo: 79 [pagine: 0-0])"
500 ## - GENERAL NOTE
General note Comunicazione Secondo la Cnbb conferenza Nazionale dei vescovi Brasiliani.Comprensione giudizio e Uso della Comunicazione nella Prospettiva dell'Azione Pastorale della Chiesa Brasiliana. Come la Cnbb Vede la Comunicazione Ei Suoi Mezzi. Processo di Comunicazione. Comunicazione e Società. Rapporto tra Mass Media e Potere. Cultura e Mass Media. Comunicazione nella Chiesa.Come la Cnbb giudica la Comunicazione e I Suoi Mezzi. Dimensione Teologicaed Etica della Comunicazione. prospettive Cristiane della Comunicazione. Comunicazione Nei Piani della Cnbb. Nei Piani della Fraternità. Chiesa e Mass Media. Proposta Comunicativa della Cnbb: nella Catechesi, Vita Liturgicae Sacramentale, Nei singoli Sacramenti. Comunicazione ed Evangelizzazione.Bibliografia.
650 ## - SUBJECT ADDED ENTRY--TOPICAL TERM
Topical term or geographic name as entry element ELABORATI STUDENTI SPICS
650 ## - SUBJECT ADDED ENTRY--TOPICAL TERM
Relator term Codice materia Spics: 9905
942 ## - ADDED ENTRY ELEMENTS (KOHA)
Koha item type LIBRO
957 ## -
-- 1
999 ## - SYSTEM CONTROL NUMBERS (KOHA)
-- 1
Dati di copia
Withdrawn status Lost status Damaged status Not for loan Home library Current library Date acquired Total Checkouts Full call number Date last seen Price effective from Koha item type Public note
    Buone Condizioni Not For Loan SPICS-MEDIATECA SPICS-MEDIATECA 08/03/2013   A2559 08/03/2013 08/03/2013 LIBRO Progressivo inserimento: 60463 / N. Volumi: 1 Copie: 1 / data import: 1 marzo 2013 - By Epidotti, Trombetti, Vaglietti.
CREDITS: SOCIETA' SAN PAOLO Via A.Severo, 58 - ROMA (RM) & PERIODICI SAN PAOLO SRL Via Giotto, 36 MILANO & CISF Via Giotto, 36 MILANO & EDIZIONI SAN PAOLO SRL,  Piazza Soncino, 5 CINISELLO BALSAMO (MI) -- ITALY